00337nam a2200121Ia 4500008004100000024001400041082001900055100001600074245004100090260002500131600002100156650003800177250506s9999 xx 000 0 und d a00A-BS-62 a004.678072 ASM aAsma Khalil 0aSearch Zone: web based search engine aKarachi:bUIT,c2000 aComputer Science aBachelor of Computer Science (BS)